01169nam a2200313 a 4500001001100000003000800011006001900019007001500038008004100053010001700094020001800111020002800129040002100157035002000178050002400198082001700222100002000239245009100259260004400350300001500394504005100409533015200460650003000612650002500642655002900667710001700696856012500713999001700838ebr5005036CaPaEBRm u cr cn|||||||||000424s2001 ctu sb 001 0 eng  z 00032812  z9780313000713 z1567202314 (alk. paper) aCaPaEBRcCaPaEBR a(OCoLC)4999526514aCD950b.C694 2001eb04a025.1/972211 aCox, Richard J.10aManaging records as evidence and informationh[electronic resource] /cRichard J. Cox. aWestport, Conn. :bQuorum Books,c2001. axv, 243 p. aIncludes bibliographical references and index. aElectronic reproduction.bPalo Alto, Calif. :cebrary,d2013.nAvailable via World Wide Web.nAccess may be limited to ebrary affiliated libraries. 0aArchivesxAdministration. 0aRecordsxManagement. 7aElectronic books.2local2 aebrary, Inc.40uhttp://site.ebrary.com/lib/rucke/Doc?id=5005036zAn electronic book accessible through the World Wide Web; click to view c16505d16505